000 00292nam a2200097Ia 4500
082 _a821.9208 THRO
245 0 _aThrobbing ink : six South African poets
100 _a Nghalaluma, Wisani Elim Hospital, Limpopo, 2003
_964732
942 _cBK
008 210817s9999 xx 000 0 und d
999 _c206292
_d206291